<?xml version="1.0" encoding="UTF-8"?>
<record
    xmlns:xsi="http://www.w3.org/2001/XMLSchema-instance"
    xsi:schemaLocation="http://www.loc.gov/MARC21/slim http://www.loc.gov/standards/marcxml/schema/MARC21slim.xsd"
    xmlns="http://www.loc.gov/MARC21/slim">

  <leader>01799nam a22002297b 4500</leader>
  <controlfield tag="005">20241104152027.0</controlfield>
  <controlfield tag="008">241104b        sa o|||| |||| 001 0 AFR d</controlfield>
  <datafield tag="020" ind1=" " ind2=" ">
    <subfield code="a">9781919992082</subfield>
    <subfield code="q">pbk</subfield>
  </datafield>
  <datafield tag="040" ind1=" " ind2=" ">
    <subfield code="a">RDA</subfield>
    <subfield code="c">OCLC</subfield>
  </datafield>
  <datafield tag="041" ind1=" " ind2=" ">
    <subfield code="2">A</subfield>
  </datafield>
  <datafield tag="082" ind1=" " ind2=" ">
    <subfield code="a">745.594 MORB</subfield>
  </datafield>
  <datafield tag="100" ind1=" " ind2=" ">
    <subfield code="a">Morbin Deborah</subfield>
    <subfield code="9">981</subfield>
  </datafield>
  <datafield tag="245" ind1=" " ind2=" ">
    <subfield code="a">Handgemaak vir jou huis</subfield>
    <subfield code="c">by Deborah Morbin</subfield>
  </datafield>
  <datafield tag="260" ind1=" " ind2=" ">
    <subfield code="a">Welgemoed</subfield>
    <subfield code="b">Metz Press</subfield>
    <subfield code="c">2004</subfield>
  </datafield>
  <datafield tag="300" ind1=" " ind2=" ">
    <subfield code="a">160 pages</subfield>
    <subfield code="c">26 x 19 cm</subfield>
  </datafield>
  <datafield tag="500" ind1=" " ind2=" ">
    <subfield code="a">Die skrywers deel hier met jou hulle hope ervaring met deeglik getoetste tegnieke en wys jou hoe om jou huis met oorspronklike en stylvolle bykomstighede mooi te maak. Die idees wat hulle bespreek dek verskeie ontwerpstyle sodat dit by jou bestaande dekor sal pas, van rustieke blomme tot minimalistiese wit, of ryk barok-kleure en -teksture. Lieflike kleurfoto's van elke voltooide artikel word vergesel van praktiese raad oor die keuse van materiaal en afwerkings, asook wenke om enige slaggate en probleme te vermy, en verdere dekorvoorstelle. Die projekte is treffend, dog maklik om aan te pak en sluit 'n groot verskeidenheid artikels in, van kerse wat binne vyf minute versier kan word tot 'n omgetowerde werkbank vir jou studeerkamer. Tegnieke wat gebruik word wissel van vinnige servet-decoupage tot piouter- en mosaiekwerk, alles kristalhelder verduidelik met voorgestelde alternatiewe. Hierdie titel is propvol idees en inspirasie en sal jou help om styl en karakter tot jou huis toe te voeg sonder dat jy 'n bank hoef te beroof!</subfield>
  </datafield>
  <datafield tag="650" ind1=" " ind2="0">
    <subfield code="9">188304</subfield>
    <subfield code="a">Interior decoration accessories  Handicraft  House furnishings  Interior decoration  Decoration and ornament </subfield>
  </datafield>
  <datafield tag="700" ind1=" " ind2=" ">
    <subfield code="a">Boomer,Tracey</subfield>
    <subfield code="e">Author</subfield>
    <subfield code="9">190408</subfield>
  </datafield>
  <datafield tag="700" ind1=" " ind2=" ">
    <subfield code="a">Naude, Ivan</subfield>
    <subfield code="e">Photographer</subfield>
    <subfield code="9">190409</subfield>
  </datafield>
  <datafield tag="700" ind1=" " ind2=" ">
    <subfield code="a">Van Der Westhuizen, Aletta</subfield>
    <subfield code="e">Translator</subfield>
    <subfield code="9">190410</subfield>
  </datafield>
  <datafield tag="942" ind1=" " ind2=" ">
    <subfield code="2">ddc</subfield>
    <subfield code="c">BOOK</subfield>
    <subfield code="w">174</subfield>
    <subfield code="x">Sanet Schoeman</subfield>
    <subfield code="y">174</subfield>
    <subfield code="z">Sanet Schoeman</subfield>
  </datafield>
  <datafield tag="999" ind1=" " ind2=" ">
    <subfield code="c">769887</subfield>
    <subfield code="d">769886</subfield>
  </datafield>
  <datafield tag="952" ind1=" " ind2=" ">
    <subfield code="0">0</subfield>
    <subfield code="1">0</subfield>
    <subfield code="2">ddc</subfield>
    <subfield code="4">0</subfield>
    <subfield code="7">0</subfield>
    <subfield code="8">700</subfield>
    <subfield code="a">STANRL</subfield>
    <subfield code="b">LEBOL</subfield>
    <subfield code="c">Non_Fiction</subfield>
    <subfield code="d">2024-11-04</subfield>
    <subfield code="g">133.65</subfield>
    <subfield code="l">0</subfield>
    <subfield code="o">745.594 MORB</subfield>
    <subfield code="p">3322803189930</subfield>
    <subfield code="r">2024-11-04</subfield>
    <subfield code="w">2024-11-04</subfield>
    <subfield code="y">BOOK</subfield>
  </datafield>
  <datafield tag="952" ind1=" " ind2=" ">
    <subfield code="0">0</subfield>
    <subfield code="1">0</subfield>
    <subfield code="2">ddc</subfield>
    <subfield code="4">0</subfield>
    <subfield code="7">0</subfield>
    <subfield code="8">700</subfield>
    <subfield code="a">STANRL</subfield>
    <subfield code="b">KINRL</subfield>
    <subfield code="c">Non_Fiction</subfield>
    <subfield code="d">2024-11-04</subfield>
    <subfield code="g">133.65</subfield>
    <subfield code="l">0</subfield>
    <subfield code="o">745.594 MORB</subfield>
    <subfield code="p">3322803189933</subfield>
    <subfield code="r">2024-11-04</subfield>
    <subfield code="w">2024-11-04</subfield>
    <subfield code="y">BOOK</subfield>
  </datafield>
  <datafield tag="952" ind1=" " ind2=" ">
    <subfield code="0">0</subfield>
    <subfield code="1">0</subfield>
    <subfield code="2">ddc</subfield>
    <subfield code="4">0</subfield>
    <subfield code="7">0</subfield>
    <subfield code="8">700</subfield>
    <subfield code="a">STANRL</subfield>
    <subfield code="b">EMBAL</subfield>
    <subfield code="c">Non_Fiction</subfield>
    <subfield code="d">2024-11-04</subfield>
    <subfield code="g">133.65</subfield>
    <subfield code="l">0</subfield>
    <subfield code="o">745.594 MORB</subfield>
    <subfield code="p">3322803189932</subfield>
    <subfield code="r">2024-11-04</subfield>
    <subfield code="w">2024-11-04</subfield>
    <subfield code="y">BOOK</subfield>
  </datafield>
  <datafield tag="952" ind1=" " ind2=" ">
    <subfield code="0">0</subfield>
    <subfield code="1">0</subfield>
    <subfield code="2">ddc</subfield>
    <subfield code="4">0</subfield>
    <subfield code="7">0</subfield>
    <subfield code="8">700</subfield>
    <subfield code="a">STANRL</subfield>
    <subfield code="b">EMIZL</subfield>
    <subfield code="c">Non_Fiction</subfield>
    <subfield code="d">2024-11-04</subfield>
    <subfield code="g">133.65</subfield>
    <subfield code="l">0</subfield>
    <subfield code="o">745.594 MORB</subfield>
    <subfield code="p">3322803189931</subfield>
    <subfield code="r">2024-11-04</subfield>
    <subfield code="w">2024-11-04</subfield>
    <subfield code="y">BOOK</subfield>
  </datafield>
</record>
